书目信息 |
| 题名: |
解析数论基础
|
|
| 作者: | 潘承洞 , 潘承彪 著 | |
| 分册: | ||
| 出版信息: | 北京 科学出版社 1991.02 |
|
| 页数: | 914页 | |
| 开本: | 21cm | |
| 丛书名: | 现代数学基础丛书 | |
| 单 册: | ||
| 中图分类: | O156.4 | |
| 科图分类: | ||
| 主题词: | 代数 , 数论 , 组合数学 | |
| 电子资源: | ||
| ISBN: | 7-03-000929-0 | |
| 000 | 00665nam0 2200253 45 | |
| 001 | 0009271543 | |
| 005 | 20040518092221.8 | |
| 010 | @a7-03-000929-0@dCNY45.00 | |
| 100 | @a20000927d1991 km y0chiy0120 ea | |
| 101 | 0 | @achi |
| 105 | @a z 000yy | |
| 200 | 1 | @a解析数论基础@f潘承洞,潘承彪著@FPan Cheng Dong,Pan Cheng Biao Zhu |
| 210 | @a北京@c科学出版社@d1991.02 | |
| 215 | @a914页@d21cm | |
| 225 | @a现代数学基础丛书 | |
| 410 | @12001 @a现代数学基础丛书 | |
| 606 | 0 | @a代数 |
| 606 | 0 | @a数论 |
| 606 | 0 | @a组合数学 |
| 690 | @aO156.4@v1 | |
| 701 | 0 | @a潘承洞@4著 |
| 701 | 0 | @a潘承彪@4著 |
| 801 | @aCN@bTSTC@c20000927 | |
| 905 | @dO156.4@e54@f1@b291140 | |
| 解析数论基础/潘承洞,潘承彪著.-北京:科学出版社,1991.02 |
| 914页;21cm.-(现代数学基础丛书) |
| ISBN 7-03-000929-0:CNY45.00 |
| ● |
| 相关链接 |
|
|
|
|
正题名:解析数论基础
索取号:O156.4/54
 
预约/预借
| 序号 | 登录号 | 条形码 | 馆藏地/架位号 | 状态 | 备注 |
| 1 | 0291137 | 002911371 | 第三借阅区/ [索取号:O156.4/54] | 在馆 | |
| 2 | 0291138 | 002911380 | 第三借阅区/ [索取号:O156.4/54] | 在馆 | |
| 3 | 0291139 | 002911399 | 第三借阅区/ [索取号:O156.4/54] | 在馆 | |
| 4 | 0291140 | 002911406 | 第三借阅区/ [索取号:O156.4/54] | 在馆 | |
| 5 | 0291141 | 002911415 | 第二样本阅览室/ [索取号:O156.4/54] | 在馆 |